=LDR 00000nam 2200000 4500 =001 INLIS000000000003733 =005 20130612092033 =008 ***********************************Ind** =035 ##$$0010-061300000003733 =041 ##$$a Ind =082 ##$$a 610.73 =090 ##$$a 610.73, Sie c =100 ##$$a Siegel, Bernie S =245 ##$$a Cintailah dan anda sembuh, Bernie S. Siegel; alih bahasa, Rafael Hutabarat =260 ##$$a 1993 $b Jakarta =300 ##$$a x, 308 hlm., ilus., 20 cm =650 ##$$a Perawat dan perawatan =700 ##$$a Hutabarat, Rafaei =850 ##$$a NBPNMAT